Stati dell'Unione africana - Statistics

Statistiche generali
  • Questo quiz è stato fatto 61 volte
  • Il punteggio medio è 39 su 55
Statistiche sulle risposte
Stato % Corretto
Algeria
98%
Egitto
92%
Marocco
92%
Repubblica del Congo
92%
Repubblica Democratica del Congo
92%
Tunisia
92%
Niger
90%
Libia
88%
Angola
86%
Etiopia
86%
Nigeria
86%
Madagascar
84%
Sudan
84%
Ciad
82%
Eritrea
82%
Kenya
82%
Ghana
80%
Senegal
80%
Sudafrica
80%
Somalia
78%
Sudan del Sud
78%
Zimbabwe
78%
Botswana
75%
Burkina Faso
75%
Mali
75%
Mauritania
75%
Mozambico
75%
Burundi
73%
Costa d'Avorio
73%
Lesotho
73%
Repubblica Centrafricana
71%
Zambia
71%
Malawi
69%
Benin
67%
Camerun
67%
Liberia
67%
Mauritius
67%
Ruanda
67%
Uganda
67%
Namibia
65%
Togo
65%
Capo Verde
63%
Gambia
63%
Tanzania
63%
Sierra Leone
61%
Gibuti
59%
Guinea
59%
Guinea-Bissau
59%
Seychelles
55%
Guinea Equatoriale
53%
Gabon
51%
São Tomé e Príncipe
47%
Comore
43%
eSwatini
41%
Repubblica Democratica Araba dei Sahrawi
16%
Nessun quiz corrispondente trovato
Distribuzione punteggi
Percentuale di utenti per punteggio
Percentile per numero di risposta
I tuoi punteggi nel tempo
Non hai fatto questo quiz